عرض عادي
عرض مارك
- Chard, Chloe.
مدخل إسم شخص
001 - رقم الضبط
- حقل الضبط: 7988
003 - معرف رقم الضبط
- حقل الضبط: OSt
005 - تاريخ ووقت أخر عملية
- حقل الضبط: 20111213125436.0
008 - عناصر بيانات ثابتة الطول
- حقل تحكم ثابت الطول: 111213|||a|||||| | ||| d
040 ## - مصدر الفهرسة
- هيئة الفهرسة الأصلية: OSt
- وكالة الكتابة: OSt
100 ## - مدخل -- أسم شخص
- إسم شخص: Chard, Chloe.
670 ## - بيانات المصدر موجوده
- الاستشهاد بالمصدر: Work cat.: (OSt)0: Radcliffe, Ann Ward, 1764-1823. 7987, The romance of the forest /, [2009]
